| 000 | 00470nam a2200169Ia 4500 | ||
|---|---|---|---|
| 999 |
_c16700 _d16700 |
||
| 003 | OSt | ||
| 005 | 20200606120000.0 | ||
| 008 | 190216s9999||||xx |||||||||||||| ||und|| | ||
| 040 | _cMESKC library | ||
| 082 |
_a891.43 _bVAN/T |
||
| 100 |
_aVanaja, K _9437 |
||
| 245 | 0 |
_aThulana Aur Thulana / _cK Vanaja |
|
| 260 |
_bJawahar Pusthagalay, _c2005. _aMadhura: |
||
| 300 | _a167p | ||
| 650 | _aHindi | ||
| 942 |
_cBK _2ddc _h891.43 _iVAN/T _k891.43 _mVAN/T |
||